[Event "IECC O email"]
[Site "IECC email"]
[Date "2001.04.01"]
[Round "?"]
[White "Ranaivojaona, Roger"]
[Black "Zwaagstra, Rienk"]
[Result "1-0"]
[WhiteElo "1520"]
[BlackElo "1430"]
[PlyCount "67"]
[EventDate "2001.??.??"]
[EventType "tourn (corr)"]
[EventRounds "6"]
[SourceTitle "Corr 2008"]
[Source "ChessBase"]
[SourceDate "2008.06.24"]
[SourceVersion "1"]
[SourceVersionDate "2008.06.24"]
[SourceQuality "1"]

1. c4 c5 2. Nf3 Nf6 3. d4 cxd4 4. Nxd4 e5 5. Nb5 d5 6. cxd5 Bc5 7. N1c3 a6 8. Na3 b5 9. Nc2 e4 10. b4 Bb6 11. Be3 0-0 12. g3 Bb7 13. Bxb6 Qxb6 14. Ne3 Nbd7 15. Bg2 Rfe8 16. Qb3 Rac8 17. 0-0 Qd4 18. Rac1 Nb6 19. Rfd1 Qe5 20. Bh3 Rcd8 21. a4 Nfxd5 22. axb5 Nxc3 23. Rxc3 Rxd1+ 24. Nxd1 Qxb5 25. e3 Qh5 26. Bg2 Bd5 27. Qc2 Qe5 28. Rc5 Qe6 29. Nc3 Ba8 30. Ne2 f5 31. Nf4 Qd7 32. Qa2+ Nd5 33. Nxd5 Bxd5 34. Qxd5+ 1-0